=LDR 00000nam 2200000 4500 =001 INLIS000000000013849 =005 20130612105157 =008 ***********************************Ind** =035 ##$$0010-061300000013849 =041 ##$$a Ind =082 ##$$a 617.634 2 =090 ##$$a 617.634 2, Ben b =100 ##$$a Bence, Richard =245 ##$$a Buku pedoman endodontik klinik, Richard Bence ;Penerjemah, E.H. Sundoro =300 ##$$a 288 hlm, Ilus, 21 cm =650 ##$$a Endodontik =700 ##$$a Sundoro, E.H =850 ##$$a NBPNMAT